| 000 | 00518nam a22001817a 4500 | ||
|---|---|---|---|
| 005 | 20241003124323.0 | ||
| 008 | 170207b xxu||||| |||| 00| 0 eng d | ||
| 020 | _a9781609614522 | ||
| 040 | _cPK-LaUMT | ||
| 082 |
_a616.8526 _bPEE-H |
||
| 100 |
_aPeeke , Pam _92561 |
||
| 245 |
_aThe hunger fix: _bthe three-stage detox and recovery plan for overeating and food addiction/ _cPam Peeke |
||
| 260 |
_aNew York: _bRodale, _c2012 |
||
| 300 | _a346 p. | ||
| 546 | _aen | ||
| 650 |
_aEating disorders _92562 |
||
| 942 | _cBK | ||
| 999 |
_c90862 _d90862 |
||